<?xml version="1.0" encoding="UTF-8"?><?xml-stylesheet type="text/xsl" href="static/style.xsl"?><OAI-PMH xmlns="http://www.openarchives.org/OAI/2.0/" xmlns:xsi="http://www.w3.org/2001/XMLSchema-instance" xsi:schemaLocation="http://www.openarchives.org/OAI/2.0/ http://www.openarchives.org/OAI/2.0/OAI-PMH.xsd"><responseDate>2026-04-27T19:48:32Z</responseDate><request verb="GetRecord" identifier="oai:uvadoc.uva.es:10324/71406" metadataPrefix="marc">https://uvadoc.uva.es/oai/request</request><GetRecord><record><header><identifier>oai:uvadoc.uva.es:10324/71406</identifier><datestamp>2025-02-05T13:09:53Z</datestamp><setSpec>com_10324_38</setSpec><setSpec>col_10324_852</setSpec></header><metadata><record xmlns="http://www.loc.gov/MARC21/slim" xmlns:doc="http://www.lyncode.com/xoai" xmlns:xsi="http://www.w3.org/2001/XMLSchema-instance" xmlns:dcterms="http://purl.org/dc/terms/" xsi:schemaLocation="http://www.loc.gov/MARC21/slim http://www.loc.gov/standards/marcxml/schema/MARC21slim.xsd">
<leader>00925njm 22002777a 4500</leader>
<datafield tag="042" ind1=" " ind2=" ">
<subfield code="a">dc</subfield>
</datafield>
<datafield tag="720" ind1=" " ind2=" ">
<subfield code="a">Obispo Tamariz, Jorge</subfield>
<subfield code="e">author</subfield>
</datafield>
<datafield tag="260" ind1=" " ind2=" ">
<subfield code="c">2024</subfield>
</datafield>
<datafield tag="520" ind1=" " ind2=" ">
<subfield code="a">Este Trabajo de Fin de Grado se centra en el desarrollo de actividades educativas adicionales para el&#xd;
juego Pradia, diseñado para ayudar a personas con síndrome de Down a mejorar sus habilidades de&#xd;
habla y comprensión. Utilizando Unity, se han creado actividades interactivas que incorporan&#xd;
tecnologías de reconocimiento de voz. El proyecto también abarca la implementación de estas&#xd;
actividades de manera modular, asegurando su portabilidad.</subfield>
</datafield>
<datafield tag="520" ind1=" " ind2=" ">
<subfield code="a">This Final Degree Project focuses on developing additional educational activities for the game Pradia.&#xd;
Designes to help people with Down síndrome improve their speech and comprehension skills. Using&#xd;
Unity, interactive activities incorporating voice recognition technologies habe been created. The Project&#xd;
also includes the implementation of these activities in a modular manner, ensuring their portability.</subfield>
</datafield>
<datafield tag="024" ind2=" " ind1="8">
<subfield code="a">https://uvadoc.uva.es/handle/10324/71406</subfield>
</datafield>
<datafield tag="245" ind1="0" ind2="0">
<subfield code="a">Desarrollo de juegos para la mejora de la pronunciación</subfield>
</datafield>
</record></metadata></record></GetRecord></OAI-PMH>